The vanished Imam : (Record no. 19547)

MARC details
000 -LEADER
fixed length control field 00891cam a2200289 a 4500
001 - CONTROL NUMBER
control field 1444350
003 - CONTROL NUMBER IDENTIFIER
control field BDDh-ASL
005 - DATE AND TIME OF LATEST TRANSACTION
control field 20231015025804.0
008 - FIXED-LENGTH DATA ELEMENTS--GENERAL INFORMATION
fixed length control field 860123s1986 nyua b 001 0 eng
010 ## - LIBRARY OF CONGRESS CONTROL NUMBER
LC control number 85048194
020 ## - INTERNATIONAL STANDARD BOOK NUMBER
International Standard Book Number 0801419107 (alk. paper)
020 ## - INTERNATIONAL STANDARD BOOK NUMBER
Canceled/invalid ISBN 9780801465079 (ebook)
040 ## - CATALOGING SOURCE
Original cataloging agency DLC
Transcribing agency DLC
Modifying agency BDDh-ASL
043 ## - GEOGRAPHIC AREA CODE
Geographic area code a-le---
050 00 - LIBRARY OF CONGRESS CALL NUMBER
Classification number BP192.7.L4
Item number A38 1986
082 00 - DEWEY DECIMAL CLASSIFICATION NUMBER
Classification number 297.8209
Edition number 19
Item number AJV
100 1# - MAIN ENTRY--PERSONAL NAME
Personal name Ajami, Fouad.
245 14 - TITLE STATEMENT
Title The vanished Imam :
Remainder of title Musa al Sadr and the Shia of Lebanon /
Statement of responsibility, etc. Fouad Ajami.
260 ## - PUBLICATION, DISTRIBUTION, ETC.
Place of publication, distribution, etc. Ithaca :
Name of publisher, distributor, etc. Cornell University Press,
Date of publication, distribution, etc. 1986.
300 ## - PHYSICAL DESCRIPTION
Extent 228 p. :
Other physical details ill. ;
Dimensions 24 cm.
504 ## - BIBLIOGRAPHY, ETC. NOTE
Bibliography, etc. note Includes bibliographical references and index.
600 10 - SUBJECT ADDED ENTRY--PERSONAL NAME
Personal name Ṣadr, Mūsá.
650 #0 - SUBJECT ADDED ENTRY--TOPICAL TERM
Topical term or geographic name entry element Shīʻah
Geographic subdivision Lebanon.
650 #0 - SUBJECT ADDED ENTRY--TOPICAL TERM
Topical term or geographic name entry element Shiites
Geographic subdivision Lebanon
General subdivision Biography.
906 ## - LOCAL DATA ELEMENT F, LDF (RLIN)
a 7
b cbc
c orignew
d 1
e ocip
f 19
g y-gencatlg
942 ## - ADDED ENTRY ELEMENTS (KOHA)
Source of classification or shelving scheme Dewey Decimal Classification
Koha item type Books
Holdings
Withdrawn status Lost status Source of classification or shelving scheme Damaged status Not for loan Collection code Home library Current library Shelving location Date acquired Source of acquisition Total Checkouts Full call number Barcode Date last seen Copy number Price effective from Koha item type Public note
    Dewey Decimal Classification   Not For Loan Non-fiction Asiatic Society Library Asiatic Society Library Ludden Collection 12/13/2020 Donated by Prof. David Ludden   297.8209 AJV 102893 12/13/2020 C-1 12/13/2020 Books RARE

Powered by Koha